The special theory of relativity / (Record no. 53073)
[ view plain ]
| 000 -LEADER | |
|---|---|
| fixed length control field | 00733nam a2200241 a 4500 |
| 001 - CONTROL NUMBER | |
| control field | 53073 |
| 003 - CONTROL NUMBER IDENTIFIER | |
| rucl marc code | BD-RjUL |
| 005 - DATE AND TIME OF LATEST TRANSACTION | |
| control field | 20211209075914.0 |
| 008 - FIXED-LENGTH DATA ELEMENTS--GENERAL INFORMATION | |
| fixed length control field | 161003s2006 enk||||| |||| 001 0 eng d |
| 020 ## - INTERNATIONAL STANDARD BOOK NUMBER | |
| International Standard Book Number | 812031963X |
| 035 ## - SYSTEM CONTROL NUMBER | |
| System control number | (BD-RjUL)53193 |
| 040 ## - CATALOGING SOURCE | |
| Original cataloging agency | BD-RjUL |
| Language of cataloging | eng |
| Transcribing agency | BD-RjUL |
| Modifying agency | BD-RjUL |
| 041 ## - LANGUAGE CODE | |
| Language code of text/sound track or separate title | eng |
| 082 ## - DEWEY DECIMAL CLASSIFICATION NUMBER | |
| Edition number | 23 |
| Classification number | 530.11 |
| Author mark and year | BAS 2006 |
| 100 ## - MAIN ENTRY--PERSONAL NAME | |
| Personal name | Banerji, Sriranjan |
| 9 (RLIN) | 158615 |
| 245 10 - TITLE STATEMENT | |
| Title | The special theory of relativity / |
| Statement of responsibility, etc. | Sriranjan Banerji; Asit Banerjee |
| 260 ## - PUBLICATION, DISTRIBUTION, ETC. (IMPRINT) | |
| Place of publication, distribution, etc. | New Delhi : |
| Name of publisher, distributor, etc. | Prentice-Hall of India, |
| Date of publication, distribution, etc. | c2002 [printing 2006] |
| 300 ## - PHYSICAL DESCRIPTION | |
| Pagination | vii, 212 p. ; |
| Size | 24 cm. |
| 500 ## - GENERAL NOTE | |
| General note | Include index |
| 650 ## - SUBJECT ADDED ENTRY--TOPICAL TERM | |
| Topical term or geographic name as entry element | Special relativity (Physics) |
| 9 (RLIN) | 157015 |
| 700 ## - ADDED ENTRY--PERSONAL NAME | |
| Personal name | Banerjee, Asit |
| 942 ## - ADDED ENTRY ELEMENTS (KOHA) | |
| Source of classification or shelving scheme | Dewey Decimal Classification |
| Koha item type | Books |
| Lost status | Source of classification or shelving scheme | Damaged status | Not for loan | Collection code | Permanent Location | Current Location | Shelving location | Date acquired | Source of acquisition | Cost, normal purchase price | Total Checkouts | Full call number | Date last seen | Date checked out | Copy number | Koha item type |
|---|---|---|---|---|---|---|---|---|---|---|---|---|---|---|---|---|
| Dewey Decimal Classification | Non-fiction | Central Library, University of Rajshahi | Central Library, University of Rajshahi | 24/04/2008 | Dhaka paragon enterprises ltd. | 175.00 | 1 | 530.11 BAS 2006 | 22/05/2019 | 15/05/2019 | C-2 | Books | ||||
| Dewey Decimal Classification | Not For Loan | Non-fiction | Central Library, University of Rajshahi | Central Library, University of Rajshahi | Reading Room | 24/04/2008 | Paragon Enterprise ltd., Dhaka | 175.00 | 530.11 BAS 2006 | 12/04/2017 | C-1 | Books |